000 00967 a2200181 4500
003 NUST
005 20221226131727.0
040 _cNust
082 _a355.02,SAE
100 _aSaeed, Ahmad
_946147
245 _aThe indo-pak clash in the rann of kutch /
_cSaeed Ahmad,
_hForward by Maj General (R) Fazal Muqeem Khan
260 _aRawalpindi
_bAemy Education Press
_c1965
300 _a149 p.:
_billus
_c18 cm
505 _aHistorical Perspective (Page-1), The Dispute (Page-8), Prelude to War-1(Page-20), Prelude to War-ii: The Man oeuvres (APge-33), Operation Desert Hawk (51 Brigade Action ) (Page-42), A Brief Interlude (Page-61), Operation Desert Hawk – ii (Page-70), Operation Desert Hawk -iii(6 Brigade Action ) (Page-84), Consolidation of Military Gains (Page-98), Analysis of Military Operations (Page-108), The Epilogue (Page-113) .
600 _aAhmad, Saeed
650 _aThe indo-pak clash in the rann of kutch
_9105946
942 _2ddc
_cBK
_k355.02,SAE
999 _c185699
_d185699